000 00493pab a2200181 454500
008 180718b2012 xxu||||| |||| 00| 0 eng d
100 _aShivkumar, Vaidyanathan
245 _aQuality in Indian higher education: Problems and possible solutions
260 _c2012
300 _ap.52-55.
362 _a22 Oct
650 _aHigher education - India
650 _aEducational quality - India
650 _aEducational quality
773 _aUniversity News
908 _aN
909 _a97814
999 _c97813
_d97813